=LDR 00000nam 2200000 4500 =001 INLIS000000000033632 =005 20220411014424 =035 ##$$a 0010-061300000033632 =008 220411################g##########0#ind## =041 ##$$a ind =082 ##$$a 658.15 =090 ##$$a 658.15, Das,d =245 ##$$a Dasar-dasar Manajemen Keuangan /$c Arthur J. Keown, David D Martinm, J Willian Petty ; Penerjemah, Chaerut D.Djakman =260 ##$$a Jakarta :$b Raja Grafindo,$c 2001 =300 ##$$a xv,441 hlm., Illus, 26 cm ; $c 14x21 cm. =650 #4$$a Manajemen Keuangan =700 #$$a Keown,Arthur J =850 ##$$a NBPNMAT =020 ##$$a 979-421-341-1 =084 ##$$a 658.15 DAS d =990 ##$$a 18021802